| 000 | 01218nam a2200301 a 4500 | ||
|---|---|---|---|
| 003 | DO-SdBNP | ||
| 005 | 20250128081357.0 | ||
| 007 | ta | ||
| 008 | 220705e2011 dr a|||gr|||| 001 pdspa d | ||
| 020 | _a9789945404487 | ||
| 040 |
_aDO-SdBNP _bspa _cBNPHU _erda |
||
| 041 | _hspa | ||
| 082 | 4 |
_axxx _bH557f _222 |
|
| 100 |
_aHernández Rueda, Lupo, _d1930-2017 _eautor _923790 |
||
| 245 |
_aEl fuego y la palabra. / _cLupo Hernández Rueda |
||
| 264 |
_aSanto Domingo : _bMinisterio de Cultura, _c2011. |
||
| 300 |
_a424 páginas : _bilustraciones ; _c23 cm. |
||
| 336 |
_ardacontent _btexto _2txt |
||
| 337 |
_ardamedia _bsin mediación _2n |
||
| 338 |
_ardacarrier _bvolumen _2nc |
||
| 500 | _aIncluye datos biográficos del autor en las solapas de las cubiertas. | ||
| 505 |
_tVentana recobrada.-- _tCrónica del Sur. El número _tTiempo Circular.-- _tContraluz. Retratos y Homenaje.-- _tOtra Ventana.-- _tLa uvas de la tarde.-- _tEsta Pequeña isla.-- _tCanciones.-- _tEl Fuego y la Palabra.-- _tApéndice.-- _tSonetos y Roamances.-- |
||
| 590 | _aInventariado 2022 / MF | ||
| 650 | 4 |
_980984 _aLiteratura _zRepública Dominicana |
|
| 650 | 4 |
_923583 _aPoesía Dominicana _ySiglo XX |
|
| 910 | _aMFeliz | ||
| 942 |
_2ddc _cLBS1 |
||
| 999 |
_c52142 _d52142 |
||